Delitos Sexuales : (Registro nro. 5957)

Detalles MARC
000 -LEADER
fixed length control field 00866nam a2200205Ia 4500
003 - CONTROL NUMBER IDENTIFIER
control field OSt
005 - DATE AND TIME OF LATEST TRANSACTION
control field 20200814233253.0
008 - FIXED-LENGTH DATA ELEMENTS--GENERAL INFORMATION
fixed length control field 191128s1980 ck gr 000 0 spa d
040 ## - CATALOGING SOURCE
Original cataloging agency CO-JMCR
Transcribing agency CO-JMCR
041 0# - LANGUAGE CODE
Language code of text/sound track or separate title spa
082 04 - DEWEY DECIMAL CLASSIFICATION NUMBER
Classification number 345.0253 /
Item number B272d
Edition number 23
100 1# - MAIN ENTRY--PERSONAL NAME
Personal name Barrera Domínguez, Humberto,
Relator term autor
9 (RLIN) 8835
245 10 - TITLE STATEMENT
Title Delitos Sexuales :
Remainder of title conforme al título XI del código de 1980 /
Statement of responsibility, etc. Humberto Barrera Domínguez
260 ## - PUBLICATION, DISTRIBUTION, ETC.
Place of publication, distribution, etc. Bogotá :
Name of publisher, distributor, etc. Editorial Visión,
Date of publication, distribution, etc. 1980
300 ## - PHYSICAL DESCRIPTION
Extent [242] páginas ;
Dimensions 24 cm.
505 0# - FORMATTED CONTENTS NOTE
Formatted contents note Planeamiento del tema -- Sicopatología sexual y delito -- Datos históricos y legislación vigente -- Evolución legislativa nacional y normas vigentes -- Libertad, honor y seguridad sexuales
650 14 - SUBJECT ADDED ENTRY--TOPICAL TERM
Topical term or geographic name entry element Delitos sexuales
General subdivision evolución legislativa
Geographic subdivision Colombia
9 (RLIN) 8836
650 14 - SUBJECT ADDED ENTRY--TOPICAL TERM
Topical term or geographic name entry element Delitos sexuales
Geographic subdivision Colombia
9 (RLIN) 8837
942 ## - ADDED ENTRY ELEMENTS (KOHA)
Source of classification or shelving scheme Dewey Decimal Classification
Koha item type Books
Existencias
Withdrawn status Lost status Source of classification or shelving scheme Damaged status Not for loan Collection code Home library Current library Date acquired Source of acquisition Full call number Barcode Date last seen Copy number Koha item type
    Dewey Decimal Classification     Non-fiction Biblioteca Pública José María del Castillo y Rada Biblioteca Pública José María del Castillo y Rada 04/15/2018 Donación 345.0253 / B272d 430011282 05/16/2024 Ej.1 Books